Cours de chimie : chimie organique (mathématique spéciale, B et B' D. U. E. S.) à l'usage des candidats aux grandes écoles scientifiques et des étudiants du 1er cycle universitaire (Record no. 12142)
[ view plain ]
| 000 -LEADER | |
|---|---|
| fixed length control field | 00786 a2200301 4500 |
| 035 ## - SYSTEM CONTROL NUMBER | |
| System control number | 5130 |
| 035 ## - SYSTEM CONTROL NUMBER | |
| System control number | 5132 |
| 035 ## - SYSTEM CONTROL NUMBER | |
| System control number | 5133 |
| 035 ## - SYSTEM CONTROL NUMBER | |
| System control number | 5135 |
| 035 ## - SYSTEM CONTROL NUMBER | |
| System control number | 5136 |
| 035 ## - SYSTEM CONTROL NUMBER | |
| System control number | 5137 |
| 035 ## - SYSTEM CONTROL NUMBER | |
| System control number | 5139 |
| 100 ## - VEDETTE PRINCIPALE - NOM DE PERSONNE | |
| Personal name | DEVORE, Georges |
| 130 ## - VEDETTE PRINCIPALE - TITRE UNIFORME | |
| Language of a work | Fr. |
| 260 ## - PUBLICATION, DISTRIBUTION, ETC. (IMPRINT) | |
| Place of publication, distribution, etc | Paris |
| 260 ## - PUBLICATION, DISTRIBUTION, ETC. (IMPRINT) | |
| Name of publisher, distributor, etc | Vuibert |
| 245 ## - TITLE STATEMENT | |
| Title | Cours de chimie : chimie organique (mathématique spéciale, B et B' D. U. E. S.) à l'usage des candidats aux grandes écoles scientifiques et des étudiants du 1er cycle universitaire |
| 260 ## - PUBLICATION, DISTRIBUTION, ETC. (IMPRINT) | |
| Date of publication, distribution, etc | 1979 |
| 250 ## - EDITION STATEMENT | |
| Edition statement | 2e éd. |
| 300 ## - PHYSICAL DESCRIPTION | |
| Extent | 294 p. |
| 300 ## - PHYSICAL DESCRIPTION | |
| Other physical details | fig. ; 24 cm |
| 650 ## - SUBJECT ADDED ENTRY--TOPICAL TERM | |
| Topical term or geographic name as entry element | CHIMIE ORGANIQUE |
| Withdrawn status | Lost status | Damaged status | Not for loan | Location (home branch) | Sublocation or collection (holding branch) | Date acquired | Koha issues (times borrowed) | Koha full call number | Koha date last seen | Price effective from | Koha item type |
|---|---|---|---|---|---|---|---|---|---|---|---|
| Bibliothèque Ecole Polytechnique d'Abomey-Calavi | Bibliothèque Ecole Polytechnique d'Abomey-Calavi | 27/02/2009 | 547.00202/D511c | 27/02/2009 | 27/02/2009 | Livre |